A ta kráva mléko dává : Moravské zemské muzeum, Etnografický ústav, Brno : [katalog výstavy]

Korporativní autor: Moravské zemské muzeum (Brno, Česko). Etnografický ústav
Jazyk: Čeština
Vydáno: Brno : Moravské zemské muzeum, 2006
Témata:
Fyzický popis: 7 s. : il. ; 21 cm
Knihy
Uloženo v:
LEADER 01643nam a2200433 a 4500
001 nkc20061664080
003 CZ PrNK
005 20061026104159.0
007 ta
008 060720s2006 xr a e c 000 0 cze
015 |a cnb001664080 
020 |a 80-7208-290-6  |q (v knize neuvedeno :  |q brož.) 
035 |a (OCoLC)85551852 
040 |a OLA001  |b cze  |d BOA001 
043 |a e-xr--- 
072 7 |a 637  |x Živočišné produkty  |2 Konspekt  |9 24 
080 |a 637.1/.3  |2 MRF 
080 |a 39  |2 MRF 
080 |a (437.3)  |2 MRF 
080 |a (083.824)  |2 MRF 
245 0 0 |a A ta kráva mléko dává :  |b Moravské zemské muzeum, Etnografický ústav, Brno : [katalog výstavy] 
260 |a Brno :  |b Moravské zemské muzeum,  |c 2006 
300 |a 7 s. :  |b il. ;  |c 21 cm 
500 |a Výstava konaná 27.6.-30.9.2006 (internet) 
650 0 7 |a mlékařství  |7 ph135622  |z Česko  |2 czenas 
650 0 7 |a mlékařství  |7 ph135622  |x dějiny  |2 czenas 
650 0 7 |a mlékařství  |7 ph135622  |x etnografické aspekty  |2 czenas 
650 0 9 |a dairying  |z Czechia  |2 eczenas 
650 0 9 |a dairying  |x history  |2 eczenas 
650 0 9 |a dairying  |x ethnographical aspects  |2 eczenas 
655 7 |a katalogy výstav  |7 fd132536  |2 czenas 
655 9 |a exhibition catalogs  |2 eczenas 
710 2 |a Moravské zemské muzeum (Brno, Česko).  |b Etnografický ústav  |7 kn20010724184 
910 2 |a BOA001  |b 2-1171.787 
990 |a BK 
995 |a 01 
991 |b 200608  |c NOV 
996 6 |b 2610286136  |c 2-1171.787  |l MZK  |r Sklad / do 1 hodiny  |n 1  |p p.v.  |w 000822298  |u 000010  |a 1  |e BOA001  |j MZK50  |s P 
996 7 |b 2610286137  |c 2-1171.787  |l MZK  |r Sklad / do 1 hodiny  |n 6  |p p.v.  |w 000822298  |u 000020  |a 1  |e BOA001  |j MZK50  |s A